000 00280 a2200097 4500
000 nam a22 7a 4500
020 _a9781498733175
100 _aRajan, Ginu
245 _aStructural health monitoring of composite structures using fiber optic methods
260 _bCRC Press,
_c2017.
999 _c85385
_d85385